<?xml version="1.0" encoding="UTF-8"?><?xml-stylesheet type="text/xsl" href="static/style.xsl"?><OAI-PMH xmlns="http://www.openarchives.org/OAI/2.0/" xmlns:xsi="http://www.w3.org/2001/XMLSchema-instance" xsi:schemaLocation="http://www.openarchives.org/OAI/2.0/ http://www.openarchives.org/OAI/2.0/OAI-PMH.xsd"><responseDate>2026-04-19T06:37:13Z</responseDate><request verb="GetRecord" identifier="oai:riubu.ubu.es:10259/8798" metadataPrefix="marc">https://riubu.ubu.es/oai/request</request><GetRecord><record><header><identifier>oai:riubu.ubu.es:10259/8798</identifier><datestamp>2024-03-12T01:05:21Z</datestamp><setSpec>com_10259_4141</setSpec><setSpec>com_10259_5086</setSpec><setSpec>com_10259_2604</setSpec><setSpec>com_10259_3725</setSpec><setSpec>com_10259_4734</setSpec><setSpec>com_10259_5841</setSpec><setSpec>col_10259_4142</setSpec><setSpec>col_10259_3726</setSpec><setSpec>col_10259_4735</setSpec><setSpec>col_10259_5842</setSpec></header><metadata><record xmlns="http://www.loc.gov/MARC21/slim" xmlns:doc="http://www.lyncode.com/xoai" xmlns:xsi="http://www.w3.org/2001/XMLSchema-instance" xmlns:dcterms="http://purl.org/dc/terms/" xsi:schemaLocation="http://www.loc.gov/MARC21/slim http://www.loc.gov/standards/marcxml/schema/MARC21slim.xsd">
<leader>00925njm 22002777a 4500</leader>
<datafield tag="042" ind1=" " ind2=" ">
<subfield code="a">dc</subfield>
</datafield>
<datafield tag="720" ind1=" " ind2=" ">
<subfield code="a">Pizarro Ruiz, Juan Pablo</subfield>
<subfield code="e">author</subfield>
</datafield>
<datafield tag="720" ind1=" " ind2=" ">
<subfield code="a">Ordóñez Camblor, Nuria</subfield>
<subfield code="e">author</subfield>
</datafield>
<datafield tag="720" ind1=" " ind2=" ">
<subfield code="a">Líbano Miralles, Mario del</subfield>
<subfield code="e">author</subfield>
</datafield>
<datafield tag="720" ind1=" " ind2=" ">
<subfield code="a">Escolar Llamazares, María del Camino</subfield>
<subfield code="e">author</subfield>
</datafield>
<datafield tag="260" ind1=" " ind2=" ">
<subfield code="c">2021-01</subfield>
</datafield>
<datafield tag="520" ind1=" " ind2=" ">
<subfield code="a">Mindfulness-based interventions (MBI) are a recognized effective psychological practice characterized by attention control, awareness, acceptance, non-reactivity, and non-judgmental thinking obtained through the practice of meditation. They have been shown to be useful in reducing stress and enhancing well-being in different contexts. In this research, the effectiveness of an MBI was evaluated on variables that can promote successful job performance such as mindfulness trait, positive and negative affect, forgiveness, personality strengths and satisfaction with life. The intervention was carried out through a smartphone application called “Aire Fresco” (Fresh Air) during 14 days in the middle of the quarantine produced by the Covid-19 pandemic. The study sample was composed of 164 Spanish people who were distributed in two groups: control group and experimental group, which were evaluated before and after the intervention. The MANCOVA performed showed an overall positive effect of the intervention on the variables evaluated. The different ANCOVAs carried out showed that the intervention was beneficial in increasing mindfulness trait, reducing negative affect or increasing life satisfaction, among others. Our study is, as far as we know, the first to demonstrate the effectiveness of a brief intervention in mindfulness conducted using a smartphone application in Spanish.</subfield>
</datafield>
<datafield tag="024" ind2=" " ind1="8">
<subfield code="a">1660-4601</subfield>
</datafield>
<datafield tag="024" ind2=" " ind1="8">
<subfield code="a">http://hdl.handle.net/10259/8798</subfield>
</datafield>
<datafield tag="024" ind2=" " ind1="8">
<subfield code="a">10.3390/ijerph18020802</subfield>
</datafield>
<datafield tag="024" ind2=" " ind1="8">
<subfield code="a">1660-4601</subfield>
</datafield>
<datafield ind1=" " ind2=" " tag="653">
<subfield code="a">Mindfulness</subfield>
</datafield>
<datafield ind1=" " ind2=" " tag="653">
<subfield code="a">Positive affect</subfield>
</datafield>
<datafield ind1=" " ind2=" " tag="653">
<subfield code="a">Negative affect</subfield>
</datafield>
<datafield ind1=" " ind2=" " tag="653">
<subfield code="a">Forgiveness</subfield>
</datafield>
<datafield ind1=" " ind2=" " tag="653">
<subfield code="a">Character strengths</subfield>
</datafield>
<datafield ind1=" " ind2=" " tag="653">
<subfield code="a">Satisfaction with life</subfield>
</datafield>
<datafield ind1=" " ind2=" " tag="653">
<subfield code="a">Positive psychology</subfield>
</datafield>
<datafield tag="245" ind1="0" ind2="0">
<subfield code="a">Influence on Forgiveness, Character Strengths and Satisfaction with Life of a Short Mindfulness Intervention via a Spanish Smartphone Application</subfield>
</datafield>
</record></metadata></record></GetRecord></OAI-PMH>